[Event "Montreal op"]
[Site "Montreal"]
[Date "2016.09.09"]
[Round "1"]
[White "Roussel Roozmon, Thomas"]
[Black "Tonakanian, Stephan"]
[Result "1-0"]
[WhiteElo "2454"]
[BlackElo "1953"]
[PlyCount "87"]
[EventDate "2016.09.09"]
[EventType "swiss"]
[EventRounds "5"]
[EventCountry "CAN"]
[SourceTitle "CBM 174 Extra"]
[Source "ChessBase"]
[SourceDate "2016.10.10"]
[SourceVersion "1"]
[SourceVersionDate "2016.10.10"]
[SourceQuality "1"]

1. d4 Nf6 2. c4 e5 3. dxe5 Ng4 4. Bf4 Bb4+ 5. Nd2 Nc6 6. Ngf3 Qe7 7. a3 Ncxe5 8. Nxe5 Nxe5 9. e3 Bxd2+ 10. Qxd2 0-0 11. Be2 d6 12. 0-0 Bf5 13. Qc3 Rfe8 14. b4 h6 15. Bg3 Rad8 16. f3 Qf6 17. Rac1 Bc8 18. Rfd1 h5 19. h4 Qe7 20. c5 d5 21. Bxe5 Qxe5 22. Qxe5 Rxe5 23. Kf2 Rde8 24. Rc3 c6 25. b5 Bd7 26. a4 g6 27. Rd4 Kg7 28. Rb4 R5e7 29. Bd1 f6 30. Bb3 Rd8 31. Rd3 Be8 32. bxc6 Bxc6 33. e4 Red7 34. exd5 Bxd5 35. Bxd5 Rxd5 36. Rxb7+ Kh6 37. Rxd5 Rxd5 38. c6 Rc5 39. c7 a6 40. Ke3 g5 41. Kd4 Rc2 42. Kd5 Kg6 43. Kd6 gxh4 44. Rb6 1-0

[Event "Aurora Summer op"]
[Site "Aurora"]
[Date "2014.07.05"]
[Round "2.9"]
[White "Vettese, Nicholas"]
[Black "Tonakanian, Stephan"]
[Result "0-1"]
[WhiteElo "1949"]
[BlackElo "2025"]
[PlyCount "56"]
[EventDate "2014.07.05"]
[EventType "swiss"]
[EventRounds "5"]
[EventCountry "CAN"]
[SourceTitle "EXT 2022"]
[Source "ChessBase"]
[SourceDate "2021.10.06"]
[SourceVersion "1"]
[SourceVersionDate "2021.10.06"]
[SourceQuality "1"]

1. e4 e6 2. d4 d5 3. Nd2 dxe4 4. Nxe4 Nd7 5. Nf3 Ngf6 6. Nxf6+ Nxf6 7. Bg5 Be7 8. c3 0-0 9. Qc2 b6 10. Bd3 h6 11. h4 Bb7 12. 0-0-0 a5 13. Ne5 a4 14. f3 a3 15. b3 Nd5 16. Bxe7 Qxe7 17. Qd2 c5 18. c4 Nb4 19. dxc5 bxc5 20. Bb1 Nc6 21. Nxc6 Bxc6 22. Qd6 Qf6 23. Rd2 Rfd8 24. Qxc5 Rxd2 25. Kxd2 Qb2+ 26. Ke3 f5 27. Qxc6 f4+ 28. Ke4 Qe2+ 0-1

[Event "Toronto"]
[Site "Toronto"]
[Date "2013.04.22"]
[Round "2"]
[White "Tonakanian, Stephan"]
[Black "Song, Michael"]
[Result "0-1"]
[WhiteElo "2129"]
[BlackElo "2354"]
[PlyCount "88"]
[EventDate "2013.04.15"]
[EventType "tourn"]
[EventRounds "7"]
[EventCountry "CAN"]
[SourceTitle "EXT 2022"]
[Source "ChessBase"]
[SourceDate "2021.10.06"]
[SourceVersion "1"]
[SourceVersionDate "2021.10.06"]
[SourceQuality "1"]

1. d4 Nf6 2. Nf3 g6 3. g3 Bg7 4. Bg2 0-0 5. 0-0 d6 6. b3 Nc6 7. Bb2 Nd7 8. c4 a6 9. Nc3 Rb8 10. Rc1 e5 11. d5 Ne7 12. e4 Bh6 13. Rc2 f5 14. exf5 gxf5 15. Bc1 Bg7 16. b4 h6 17. Nh4 Qe8 18. f4 Ng6 19. Nxg6 Qxg6 20. Re1 h5 21. c5 e4 22. Nxe4 fxe4 23. Bxe4 Qf6 24. Bb2 Qh6 25. Bxg7 Kxg7 26. cxd6 cxd6 27. Rc7 Kg8 28. Qd3 Qf6 29. Bf3 Qf5 30. Be4 Qf6 31. Bf3 Qf5 32. Qe3 Nf6 33. Qe7 Bd7 34. Be4 Qg4 35. Qxd6 Rbe8 36. Rc4 Bb5 37. Rd4 Nxe4 38. Rdxe4 Rxe4 39. Rxe4 Qd1+ 40. Kf2 Qf1+ 41. Ke3 Qd3+ 42. Kf2 Qxe4 43. Qe6+ Qxe6 44. dxe6 Bc4 0-1

[Event "Canadian op 48th U2000"]
[Site "Toronto"]
[Date "2011.07.16"]
[Round "8"]
[White "Tonakanian, Stephan"]
[Black "Palmer, Jordan"]
[Result "0-1"]
[WhiteElo "1974"]
[BlackElo "1947"]
[PlyCount "120"]
[EventDate "2011.07.09"]
[EventType "swiss"]
[EventRounds "9"]
[EventCountry "CAN"]
[SourceTitle "EXT 2022"]
[Source "ChessBase"]
[SourceDate "2021.10.06"]
[SourceVersion "1"]
[SourceVersionDate "2021.10.06"]
[SourceQuality "1"]

1. d4 b6 2. Nf3 Bb7 3. c4 e6 4. Nc3 Bb4 5. Qc2 Ne7 6. a3 Bxc3+ 7. bxc3 0-0 8. Bg5 f6 9. Bh4 Nf5 10. Bg3 Nxg3 11. hxg3 f5 12. e3 d6 13. Bd3 Nd7 14. g4 g6 15. gxf5 exf5 16. 0-0-0 Qe7 17. Rh2 Nf6 18. Rdh1 Rf7 19. Ng5 Rg7 20. Kb2 Ng4 21. Nh3 Nxh2 22. Rxh2 a6 23. Nf4 Be4 24. d5 Bxd3 25. Qxd3 Qe4 26. Qd4 b5 27. Ne6 Qxd4 28. cxd4 Re7 29. Rh1 bxc4 30. Kc3 Rb8 31. Rc1 Kf7 32. Rc2 c6 33. Nf4 g5 34. Nh3 cxd5 35. Nxg5+ Kf6 36. Nh3 Reb7 37. Nf4 Rb3+ 38. Kd2 R8b5 39. a4 Ra5 40. Ra2 Rb4 41. Kc3 Rbxa4 42. Nxd5+ Ke6 43. Nf4+ Kd7 44. Rb2 Rb5 45. Rc2 d5 46. f3 Kd6 47. Nh5 Rb3+ 48. Kd2 Rd3+ 49. Ke2 Raa3 50. Kf2 Rxe3 51. Ng7 Red3 52. Nxf5+ Ke6 53. Ng3 Rxd4 54. Ne2 Rh4 55. g3 Rh2+ 56. Kg1 Rh6 57. Kg2 Kd6 58. f4 Kc5 59. g4 Rh4 60. g5 d4 0-1

[Event "Canadian op 48th U2000"]
[Site "Toronto"]
[Date "2011.07.15"]
[Round "7"]
[White "Doknjas, John"]
[Black "Tonakanian, Stephan"]
[Result "1/2-1/2"]
[WhiteElo "1997"]
[BlackElo "1974"]
[PlyCount "92"]
[EventDate "2011.07.09"]
[EventType "swiss"]
[EventRounds "9"]
[EventCountry "CAN"]
[SourceTitle "EXT 2022"]
[Source "ChessBase"]
[SourceDate "2021.10.06"]
[SourceVersion "1"]
[SourceVersionDate "2021.10.06"]
[SourceQuality "1"]

1. d4 Nf6 2. c4 e5 3. dxe5 Ng4 4. Bf4 Nc6 5. Nf3 Bb4+ 6. Nbd2 Qe7 7. e3 Ngxe5 8. Nxe5 Nxe5 9. Be2 b6 10. 0-0 Bb7 11. Nb3 0-0 12. a3 Bc5 13. Nxc5 Qxc5 14. Qd4 Rfe8 15. Qxc5 bxc5 16. b4 cxb4 17. axb4 d6 18. Rfc1 Be4 19. Ra3 Reb8 20. b5 Nd7 21. Rca1 Rb7 22. f3 Bf5 23. e4 Be6 24. Be3 Kf8 25. Rxa7 Rbxa7 26. Rxa7 Rxa7 27. Bxa7 Ke7 28. Bd4 f6 29. Kf2 g6 30. f4 Bf7 31. Ke3 Ke6 32. g4 f5 33. gxf5+ gxf5 34. exf5+ Kxf5 35. Bd3+ Kg4 36. h3+ Kh4 37. f5 h5 38. Kf4 Kxh3 39. Kg5 Kg3 40. f6 Nf8 41. Bf5 Bxc4 42. Kh6 h4 43. Kg7 Ne6+ 44. Bxe6 Bxe6 45. b6 cxb6 46. Bxb6 h3 1/2-1/2